'D' Movies by Poster Quiz Stats

Quiz Updated Feb 12, 2015

Challenge
Share
Tweet
Score 0/20 Timer 05:00
2 Plays Today
% Correct
Dumb and Dumber
97.1%
Dirty Dancing
95.1%
Die Hard
89.9%
The Dark Knight
88.6%
Dracula
86.7%
The Da Vinci Code
83.7%
Doctor Dolittle
80.6%
Dodgeball: A True Underdog Story
78.9%
Driving Miss Daisy
78.3%
The Dictator
69%
% Correct
Day After Tomorrow
65.8%
Donnie Darko
62.9%
Dances with Wolves
61.3%
The Departed
59.2%
Die Another Day
58.1%
District 9
51.2%
Dirty Harry
47.4%
The Deer Hunter
38.1%
Doctor Zhivago
25.3%
Dawn of the Dead
8.8%

You're not logged in!

Compare scores with friends on all Sporcle quizzes.
Sign Up with Email
OR
Log In

You Might Also Like...

Show Comments

Extras

Top Quizzes Today


Score Distribution

Your Account Isn't Verified!

In order to create a playlist on Sporcle, you need to verify the email address you used during registration. Go to your Sporcle Settings to finish the process.